Simulácia a hranie rolí ako metódy rozvoja ľudských zdrojov vo vybranom podniku bakalárska práca

Gespeichert in:
Bibliographische Detailangaben
1. Verfasser: Schwarcová, Katarína
Körperschaft: Podnikovohospodárska fakulta EU so sídlom v Košiciach. Katedra hospodárskej informatiky a matematiky
Weitere Verfasser: Hajduová, Zuzana, 1974-
Format: Buch
Sprache:Slowakisch
Veröffentlicht: Košice 2011
Tags: Tag hinzufügen
Keine Tags, Fügen Sie das erste Tag hinzu!

MARC

LEADER 00000nbm a2200000 4500
001 0139519
005 20161109111626.4
041 0 |a slo 
044 |a SK 
245 1 0 |a Simulácia a hranie rolí ako metódy rozvoja ľudských zdrojov vo vybranom podniku  |b bakalárska práca  |c Katarína Schwarcová ; školiteľ: Zuzana Hajduová 
264 1 |a Košice  |c 2011 
300 |a 48 s. 
100 1 |a Schwarcová, Katarína 
700 1 |a Hajduová, Zuzana, 1974- 
710 2 |a Podnikovohospodárska fakulta EU so sídlom v Košiciach. Katedra hospodárskej informatiky a matematiky